000
00221nam a22000977a 4500
100
_a
Brassard, Gilles
245
_a
Fundamentals Of Algorithmics
260
_a
New Delhi
_b
Prentice- Hall
_c
2004
300
_a
524
_b
PB
942
_c
BK
999
_c
23280
_d
23280